000 01471nam a2200457 i 4500
001 15693
003 KOSZ 005
005 20200706104835.0
008 200423s1973 pl a f f 001 0 pol
015 _aUWD 1973/9673
035 _a991034497479705066
035 _a(PL-WaBN)b19225052-48omnis_nlop
035 _ab19225052
035 _a(OCoLC)749290814
035 _a(PL)b0000001922505
035 _a(EXLNZ-48OMNIS_NETWORK)9910231896105606
040 _aWA N
_cWA N
_dKOSZ 005/RW
_dKOSZ 005/HR
046 _k1973
080 _a547
080 _a(075.8)
100 1 _aBobrański, Bogusław
_d(1904-1991)
_eAutor
245 1 0 _aChemia organiczna /
_cBogusław Bobrański.
250 _aWydanie 4 zmienione.
260 _aWarszawa :
_bPaństwowe Wydawnictwo Naukowe,
_c1973.
300 _a542, [1] strony :
_bilustracje ;
_c25 cm.
336 _aTekst
_btxt
_2rdacontent
337 _aBez urządzenia pośredniczącego
_bn
_2rdamedia
338 _aWolumin
_bnc
_2rdacarrier
380 _aKsiążki
380 _aPublikacje dydaktyczne
388 _a1901-2000
388 _a1945-1989
504 _aIndeks.
650 7 _aChemia organiczna
_2DBN
655 7 _aPodręczniki akademickie
_2DBN
658 _aChemia
710 2 _aPaństwowe Wydawnictwo Naukowe
_4pbl
856 _uhttp://koha.tu.koszalin.pl/cgi-bin/koha/opac-detail.pl?biblionumber=15693
_yKatalog online BPK
942 _2UKD
_cKS
999 _c15693
_d15693